Ulat bulu bernama noni

Bibliographic Details
Format: Book
Published: Kuala lumpur : Penerbitan kembang maju sdn.bhd. , 1995
Series:Siri rajin membaca

MARC

LEADER 00000cam a2200000 7i4500
001 0000076872
005 20171129.0
008 171129
020 |a 9839588958 
090 0 0 |a JF   |b MAL 
245 0 0 |a Ulat bulu bernama noni   |c Disusun oleh Mohd.Afiq 
260 |a Kuala lumpur :   |b Penerbitan kembang maju sdn.bhd. ,   |c 1995 
490 1 |a Siri rajin membaca 
999 |a 0000769986   |b Book   |c Children Collection   |e Cawangan Bandar Penawar 
999 |a 0000769990   |b Book   |c Children Collection   |e Cawangan Bandar Penawar 
999 |a 0000778905   |b Book   |c Children Collection   |e Cawangan Pontian 
999 |a 0000778906   |b Book   |c Children Collection   |e Cawangan Pontian 
999 |a 0000778907   |b Book   |c Children Collection   |e Cawangan Pontian 
999 |a 0000791237   |b Book   |c Children Collection   |e Cawangan Segamat 
999 |a 0000791238   |b Book   |c Children Collection   |e Cawangan Segamat 
999 |a 0000791239   |b Book   |c Children Collection   |e Cawangan Segamat